[Event "Bundesliga 0203"]
[Site "Germany"]
[Date "2003.03.08"]
[Round "12.8"]
[White "Nunn, John DM"]
[Black "Keitlinghaus, Ludger"]
[Result "1-0"]
[WhiteElo "2611"]
[BlackElo "2500"]
[Annotator "Mueller,Karsten"]
[PlyCount "69"]
[EventDate "2002.10.19"]
[EventType "team-tourn"]
[EventRounds "15"]
[EventCountry "GER"]
[SourceTitle "CBM 094"]
[Source "ChessBase"]
[SourceDate "2003.05.26"]
[SourceVersion "1"]
[SourceVersionDate "2003.05.26"]
[SourceQuality "1"]
[WhiteTeam "Luebeck"]
[BlackTeam "Baden Oos"]
[WhiteTeamCountry "GER"]
[BlackTeamCountry "GER"]

1. e4 d5 2. exd5 Qxd5 3. Nc3 Qa5 4. d4 c6 5. Bc4 Bf5 6. Bd2 e6 {Schwarz spielt
"Königsspringerzurückhaltungspolitik", um z.B. die Hectorvariante 6...Sf6 7.
Df3 zu vermeiden.} 7. g4 ({neben Übergängen in die Hauptvarianten ist auch
hier schon} 7. Qf3 {versucht worden:} Bb4 (7... Bxc2 $6 8. d5 $36) 8. Qg3 Bg6
9. Nge2 Nf6 10. a3 O-O 11. O-O Bxc3 12. Bxc3 Qb6 $11 {/+/= 1/2-1/2 Nisipeanu,
L-Mueller,K/Hamburg 1998/CBM 64 ext (22)}) (7. d5 cxd5 8. Nxd5 Qd8 9. Qe2 Ne7
$2 (9... Nf6 $1 {(Wahls)}) 10. Ne3 Nbc6 11. Nf3 Qc7 12. O-O-O O-O-O 13. Bc3 $16
{(Wahls in Modernes Skandinavisch) 0-1 Kupreichik,V-Wahls,M/Bad Endbach 1995/
CBM 47 (44)}) 7... Bg6 8. Qe2 (8. h4 h5 9. d5 Qc5 10. Qe2 cxd5 11. Nxd5 hxg4
12. Bf4 Nc6 $2 (12... Bd6 {ist zwar besser, kann den weißen Druck aber nicht
vollständig abschütteln, z.B.} 13. b4 Qd4 14. Rd1 Qe4 15. Bxd6 exd5 16. Bxd5
Qxe2+ 17. Nxe2 Nc6) 13. Nc7+ Ke7 14. Nxe6 {1-0 Leyva,R-Matamoros Franco,C/
Varadero 2000/CBM 76 ext (14)}) (8. Nh3 Qb6 (8... Nf6 $5 {denn nach} 9. Nd5 Qd8
10. Nxf6+ Qxf6 11. Bg5 {geht noch} Bxc2 $1 12. Qxc2 Qf3) (8... Qc7 9. Qe2 Nd7
10. d5 cxd5 11. Nxd5 Qc6 12. Nhf4 $36 {0-1 Ahn,M-Buytaert,K/Charleroi 2001/EXT
2002 (31)}) 9. Qe2 Nd7 (9... Bxc2 10. d5 $36) (9... Qxd4 $2 10. O-O-O {gibt
Weiß mehr als genug Kompensation für den Bauern, z.B.} Qb6 (10... Nd7 11. Bxe6
fxe6 12. Qxe6+ Ne7 13. Be3 Nc5 14. Qxg6+ hxg6 15. Bxd4 $16) 11. Nf4 Bb4 (11...
Ne7 12. h4 h6 13. Rhe1 Nd7 14. Bxe6 fxe6 15. Nxe6 $18) 12. h4 Nf6 13. h5 Bxc3
14. Bxc3 $18) (9... Qxb2 $2 10. Rb1 Qxc2 11. O-O $16) 10. O-O-O O-O-O 11. Nf4
$14 {1-0 Chandler,M-Forster,R/Bermuda 1999/CBM 69/[Mueller,Karsten] (25)}) (8.
Nge2 Nf6 (8... Qc7 $6 9. h4 h6 10. Nf4 Ne7 11. Qe2 Nd7 12. O-O-O Nb6 13. Bb3 (
13. Bxe6 $5 fxe6 14. Nxe6 {ist zu prüfen.}) 13... O-O-O $2 14. Bxe6+ $16 {
1-0 Chapman,A-Frackowiak,O/Griesheim 2000/EXT 2001 (34)}) (8... h6 $6 9. Nf4
Bh7 10. Qe2 Nf6 $2 {0-1 Van Eijk,S-Smeets,J/Nijmegen 2001/EXT 2002 (45)} 11.
Nxe6 fxe6 12. Qxe6+ Kd8 (12... Be7 13. Nb5 $18) 13. Nd5 $18) (8... Qb6 $5) 9.
Nf4 Bb4 10. Qe2 (10. f3 Nd5 $132 {1/2-1/2 Doncevic,D-Jackelen,T/BL2-W 1996/BL2
(39)}) 10... Nd5 11. Bxd5 (11. Nfxd5 cxd5 12. Bxd5 Nc6 13. Bxc6+ bxc6 $44 {/+/=
}) 11... cxd5 12. Nxe6 fxe6 13. Qxe6+ Kd8 $13 {1-0 Jurkovic,H-Mukic,J/Kastav
2002/EXT 2003 (40)}) (8. d5 $5 Qc5 (8... cxd5 9. Nxd5 Qd8 10. Qe2 Nf6 11. Nxf6+
Qxf6 12. O-O-O Nc6 13. f4 O-O-O 14. Nf3 Bd6 $11 {(Wahls, der allerdings über
die Zugfolge 6...Sf6 7.De2 e6 8.d5 cxd5 9.Sxd5 Dd8 10.Sxf6+ Dxf6 11.0-0-0 Sc6
12.g4 Lg6 zu der Stellung gelangt)}) 9. Qe2 cxd5 10. Nxd5 Nf6 (10... Nd7 $5)
11. Bb4 Qc8 (11... Qd4 $2 12. Nc7+ Kd7 13. Bc3 $18) 12. Nxf6+ gxf6 13. Bc3 Be7
14. g5 Nc6 $14 {1-0 Rasmussen,K-Mukic,J/Saint Vincent 2000/CBM 78/[Mueller,
Karsten] (32)}) 8... Bb4 9. f4 (9. O-O-O h5 (9... Nd7 $6 10. a3 Bxc3 (10...
Bxa3 $2 11. h4 $16 h5 $2 12. Nd5 Qd8 13. Nf4 $18) 11. Bxc3 Qc7 $2 (11... Qg5+
$14) 12. d5 $16 {1-0 Winnicki,A-Brandt,M/Willingen 2001/EXT 2002 (17)}) (9...
Ne7 $5) 10. d5 (10. a3 $5) 10... cxd5 11. Nxd5 Bxd2+ 12. Rxd2 Nc6 13. Nf4 Nge7
$11 {1/2-1/2 Koch,J-Prie,E/Chambery 1994/EXT 2000 (75)}) (9. Nh3 Ne7 10. Nf4
Nd7 11. O-O-O O-O-O 12. h4 h5 13. g5 Nb6 $2 (13... Qc7 $14) 14. Nxg6 Nxg6 15.
Bxe6+ fxe6 16. Qxe6+ Rd7 17. Qxg6 Bxc3 18. Bxc3 Qxa2 19. b3 $16 {1-0 Baklan,
V-Sjodahl,P/Germany 1999/EXT 2000 (28)}) 9... Ne7 10. O-O-O Nd7 (10... Qc7 $6
11. Rf1 $36 {1-0 Fedorov,A-Slovineanu,V/Eforie Nord 2000/CBM 81 (50)}) 11. Nf3
(11. a3 Bxc3 12. Bxc3 Qc7 13. f5 exf5 14. gxf5 Bxf5 (14... Qf4+ $2 15. Kb1 Qxf5
16. Re1 O-O-O 17. Qxe7 Qxc2+ 18. Ka2 Qg2 19. Ne2 Rhe8 20. Qh4 Re4 21. Nf4 {
1-0 Perez,L-Vazquez,R/Havana 1999/CBM 70 ext (21)}) 15. Re1 Nb6 16. Bb4 Nxc4
17. Qxe7+ Qxe7 18. Rxe7+ Kd8 $11 {1/2-1/2 Alvim,A-Dijksman,L/IECC Email 1999/
MegaCorr2 (34). (33)}) 11... Qc7 12. Ne5 O-O-O 13. a3 Nxe5 14. dxe5 Ba5 15. Qf2
Bb6 16. Be3 Rxd1+ 17. Rxd1 Rd8 18. Rxd8+ Qxd8 19. Bc5 Bxc5 20. Qxc5 b6 21. Qf2
b5 $2 {schwächt den schwarzen Damenflügel} (21... Kb7 $142 $14) 22. Be2 Qb6 23.
Qxb6 axb6 24. Kd2 Kd7 25. Bf3 {[%cal Gh2h5]} f6 26. exf6 gxf6 27. h4 h6 28. h5
Bh7 29. Be4 Bg8 (29... Bxe4 30. Nxe4 e5 31. fxe5 fxe5 32. g5 $16) 30. Bd3 Ke8
31. Ne4 $6 (31. Ke3 $16) 31... Kf7 $2 (31... Nd5 32. g5 f5 33. gxh6 fxe4 34.
Bxe4 Nf6 35. Bxc6+ Kf7 {und Schwarz sollte sich halten können.}) 32. Nd6+ Kg7
33. c4 bxc4 34. Bxc4 c5 $6 (34... b5 35. Bb3 e5 36. Bxg8 Kxg8 37. fxe5 fxe5 38.
Nf5 $18) 35. Ne8+ (35. Ne8+ Kf7 36. Nc7 $18) 1-0

[Event "Breda m"]
[Site "Breda"]
[Date "1998.05.16"]
[Round "8"]
[White "Timman, Jan H"]
[Black "Van Wely, Loek"]
[Result "1-0"]
[WhiteElo "2635"]
[BlackElo "2605"]
[Annotator "Mueller,Karsten"]
[PlyCount "81"]
[EventDate "1998.05.07"]
[EventType "match"]
[EventRounds "10"]
[EventCountry "NED"]
[SourceTitle "CBM 065"]
[Source "ChessBase"]
[SourceDate "1998.08.06"]
[SourceVersion "1"]
[SourceVersionDate "1998.08.06"]
[SourceQuality "1"]

1. e4 d5 2. exd5 Qxd5 3. Nc3 Qa5 4. Nf3 Nf6 5. d4 Bf5 6. Bd2 e6 7. Ne5 Qb6 8.
Qf3 (8. Qe2 $6 Nc6 9. Nxc6 Qxc6 10. Qb5 O-O-O 11. Qxc6 bxc6 12. Ba6+ Kb8 $15 {
[%csl Gc2,Gd4] 0-1 Santo Roman,M-Prie,E/Clichy 1993/EXT 93b (37)}) 8... Qxd4 $2
(8... Qxb2 $4 9. Rb1 Qxc2 10. Qxb7 $18) (8... Bxc2 $6 9. Rc1 Bg6 (9... Qxd4 $2
10. Bb5+ Ke7 11. Qxb7 Qxe5+ 12. Be2 $18) (9... Bf5 10. Nc4 Qc6 11. Nd6+ Ke7 12.
Nxf5+ exf5 13. Qxf5 $16) 10. Nxg6 (10. Nc4 Qc6 11. Nd6+ Ke7 $13) 10... hxg6 11.
Na4 Qxd4 12. Qxb7 Qe4+ 13. Qxe4 Nxe4 14. Rxc7 Nxd2 15. Kxd2 $14) (8... c6 $5)
9. Bb5+ $1 Nbd7 (9... Ke7 10. O-O-O c6 (10... Qxe5 $2 11. Qxb7 $18) 11. Bf4 {
sieht sehr gefährlich aus.}) (9... c6 10. Nxc6 Nxc6 11. Bxc6+ Nd7 (11... Ke7
12. Be3 $40) 12. Be3 Qb4 13. Bxd7+ Kxd7 14. O-O-O+ $40) 10. Nxd7 Nxd7 11. Qxb7
Rd8 12. O-O-O Qb6 (12... Qxf2 $2 13. Bxd7+ Rxd7 14. Qc8+ Rd8 15. Qxd8+ Kxd8 16.
Be3+ $18) 13. Qxb6 (13. Bxd7+ Rxd7 14. Qc8+ Rd8 15. Qxd8+ Kxd8 16. Be3+ {
ist ebenfalls besser für Weiß, überläßt Schwarz aber das Läuferpaar gegen Turm
und Springer.}) 13... cxb6 14. Bf4 $18 Bc5 (14... a6 15. Bc6 {löst die
schwarzen Probleme auch nicht.}) 15. Bc7 Ke7 16. Bxd8+ Rxd8 17. f3 h5 18. Rhe1
Nf6 19. Rxd8 Kxd8 20. Bd3 g6 21. a3 Ke7 22. Bxf5 gxf5 23. Kd2 h4 24. Nb5 a6 25.
b4 Bxb4+ (25... axb5 $6 26. bxc5 bxc5 27. Rb1 $18) 26. axb4 axb5 27. Ra1 Nd5
28. c3 f4 29. Ra8 Ne3 30. Kd3 f5 31. Rb8 h3 (31... Nc4 32. Rh8 Ne3 33. Rxh4
Nxg2 34. Rh8 $18) 32. gxh3 Nc4 33. h4 Kf7 34. h5 Kg7 35. Re8 Kf7 36. Rc8 Ne5+
37. Ke2 Kg7 38. Re8 Kf7 39. Rb8 Nc4 40. Rb7+ Kf6 $6 41. h6 1-0

[Event "Donetzk zt"]
[Site "Donetsk"]
[Date "1998.11.08"]
[Round "6"]
[White "Lerner, Konstantin Z"]
[Black "Golubev, Mikhail"]
[Result "1/2-1/2"]
[WhiteElo "2580"]
[BlackElo "2515"]
[Annotator "Mueller,Karsten"]
[PlyCount "89"]
[EventDate "1998.11.02"]
[EventType "swiss"]
[EventRounds "11"]
[EventCountry "UKR"]
[SourceTitle "CBM 068"]
[Source "ChessBase"]
[SourceDate "1999.02.01"]
[SourceVersion "1"]
[SourceVersionDate "1999.02.01"]
[SourceQuality "1"]

1. e4 d5 2. exd5 Nf6 3. d4 Nxd5 4. Nf3 Bf5 5. Bd3 Bxd3 6. Qxd3 e6 7. O-O Nd7 8.
c4 N5f6 9. Nc3 Be7 10. Bf4 O-O 11. Rad1 c6 12. Ne5 (12. a3 a5 13. Qe2 Re8 14.
Ne5 Nf8 15. Rd3 $14 {1/2-1/2 Van der Sterren,P-Christiansen,L/Lone Pine 1978/
MCL 01 (40)}) (12. Rfe1 Re8 13. h3 Qa5 14. Ne5 Rad8 15. Qe2 $11 {/+/= 1/2-1/2
Jakobsen,O-Blom,K/DEN-ch Aarhus 1966/MCD-ch (36)}) 12... Re8 13. Qf3 Qb6 14. b3
Rad8 15. c5 {sichert zwar d6 als Vorpostenfeld für die Leichtfiguren, gibt
Schwarz aber d5 in die Hand, so daß die Stellung ungefähr im Gleichgewicht
bleibt.} Qa6 16. Nc4 Nd5 17. Bd6 b6 $5 (17... Nxc3 18. Qxc3 Nf6 $11 (18... Qxa2
$4 19. Rd2 Qa6 20. Bxe7 Rxe7 21. Ra1 $18)) 18. Ne5 Nxe5 19. dxe5 bxc5 20. Ne4
Bxd6 (20... Qxa2 $6 21. Ra1 Qc2 22. Rxa7 {ist gefährlich für Schwarz.}) 21.
Nxd6 Rf8 22. Rd2 f6 23. Qg4 f5 24. Qc4 $6 {nachdem er den Vorpostenspringer
auf d6 gesichert hat, wickelt Lerner trotz Bauernminus ins Endspiel ab, weil
der Doppelbauer auf der c-Linie zur Schwäche neigt. Meiner Meinung nach wäre
es besser gewesen, die Damen auf dem Brett zu belassen, um mehr
"Drohpotential" gegen den schwarzen König zu behalten und den Wirkungskreis
des Springers d6 besser nutzen zu können.} Qxc4 25. bxc4 Nb6 ({das aktivere} 
25... Nc3 $5 {gefällt mir besser, z.B.} 26. Rc1 Rb8 27. Kf1 Na4 $15 {/-/+ Man
beachte, daß der Springer d6 im Moment kein Feld hat !}) 26. f4 Rd7 27. Rfd1
Rfd8 28. Kf2 Nc8 {nach dem folgenden Abtausch beider Türme ist das Endspiel
remis.} ({Auch hier war es eine Überlegung wert, mit} 28... Na4 {die Türme auf
dem Brett zu belassen. Zumal Weiß nicht einfach mit} 29. Rb1 {die b-Linie
übernehmen kann, weil darauf} Nc3 {unangenehm ist.}) 29. Ne4 Rxd2+ 30. Rxd2
Rxd2+ 31. Nxd2 Nb6 32. Ke3 Kf7 33. Kd3 Nd7 34. Nb3 g5 35. g3 gxf4 36. gxf4 Kg6
37. Ke3 Kh5 38. Kf3 Kh4 39. Na5 Kh3 40. Nxc6 a6 41. Nd8 Nf8 42. Nb7 Nd7 43. Nd8
Nf8 44. Nb7 Nd7 45. Nd8 1/2-1/2

[Event "Bundesliga 0203"]
[Site "Germany"]
[Date "2002.12.15"]
[Round "6.3"]
[White "Golubev, Mikhail"]
[Black "Jirovsky, Milos"]
[Result "0-1"]
[WhiteElo "2528"]
[BlackElo "2457"]
[Annotator "Mueller,Karsten"]
[PlyCount "122"]
[EventDate "2002.10.19"]
[EventType "team-tourn"]
[EventRounds "15"]
[EventCountry "GER"]
[SourceTitle "CBM 093"]
[Source "ChessBase"]
[SourceDate "2003.04.01"]
[SourceVersion "1"]
[SourceVersionDate "2003.04.01"]
[SourceQuality "1"]
[WhiteTeam "Stuttgart"]
[BlackTeam "Forchheim"]
[WhiteTeamCountry "GER"]
[BlackTeamCountry "GER"]

1. e4 d5 2. exd5 Qxd5 3. Nc3 Qd6 4. d4 Nf6 5. Nf3 a6 6. Be3 Bf5 7. Qd2 (7. Bc4
Nbd7 8. Qe2 e6 9. O-O-O c6 10. Nh4 Bg6 11. Nxg6 hxg6 12. g3 $14 {1-0 Saravanan,
V-Jirovsky,M/Andorra 2000/CBM 76 ext (41)}) 7... e6 (7... Nc6 8. Bc4 e6 9.
O-O-O b5 10. Bb3 (10. Bf4 $5 Qd7 11. d5 $13) 10... Na5 11. Bf4 Qb6 12. d5 $13 {
0-1 Payen,A-Mozes,E/Budapest 1994/EXT 97 (38)}) 8. O-O-O Nc6 $5 $146 (8... c6
9. Nh4 Bg6 10. f3 b5 11. Nxg6 hxg6 12. Ne4 $36 {1/2-1/2 Fernando,D-Spraggett,K/
Barreiro 2001/EXT 2002 (35). (35)}) 9. Nh4 Bg6 10. Bf4 ({Nach} 10. Nxg6 hxg6 {
ist auch} 11. g3 $5 {interessant.}) 10... Qd7 11. Nxg6 hxg6 12. d5 exd5 13.
Nxd5 O-O-O 14. Bc4 $6 (14. Nxf6 gxf6 15. Qxd7+ Rxd7 16. Bc4 $14) 14... Qf5 $11
15. Bg3 Nxd5 16. Bxd5 Be7 17. Rhe1 Bg5 $1 18. f4 Bf6 19. c4 Ne7 20. Be4 Qc5 21.
Qc2 Nf5 22. Bf2 Nd4 23. Bxd4 Rxd4 24. Rxd4 Qxd4 25. g3 c6 26. a3 Kc7 27. Kb1
Rd8 28. Ka2 $6 (28. c5 $5 {kam stark in Betracht, um die in der Partie
folgende schwarze Expansion am Damenflügel zu verhindern.}) 28... Qc5 29. Bg2
b5 30. Re4 $6 (30. Bf1 $142) 30... a5 $1 {Schwarz hat alles unter Kontrolle
und verstärkt langsam aber sicher seinen Königsangriff. Es folgt ein
lehrreiches Beispiel zum Thema Königsangriff mit ungleichfarbigen Läufern:} 31.
Qe2 (31. g4 b4 {mit der Idee, auf} 32. g5 $2 {mit} b3+ 33. Qxb3 Rb8 {zu
antworten.}) 31... b4 32. axb4 (32. Re3 bxa3 33. Rxa3 Qb4 $17) 32... Qxb4 33.
c5 Rd2 $1 34. Rxb4 Rxe2 35. Bf3 Rf2 $1 (35... axb4 $2 36. Bxe2 Bd4 37. Bc4 $11)
36. Rb3 a4 37. Rd3 Bxb2 38. h4 f5 39. Bd1 Bd4+ 40. Ka3 Bxc5+ 41. Kxa4 Ra2+ $1
42. Kb3 Ra3+ 43. Kc4 Rxd3 44. Kxd3 Bf2 45. Bb3 $6 (45. g4 $5) 45... Bxg3 46.
Bf7 g5 $3 {[%mdl 4096] ein fantastischer Zug!} 47. fxg5 (47. hxg5 Bxf4 48. Bg6
Bxg5 49. Bxf5 {und Schwarz sollte gewinnen, weil seine Bauern 3 Linien
voneinander entfernt sind.}) 47... Bxh4 48. g6 Kd6 49. Ke3 Ke5 50. Be8 c5 51.
Bf7 Bg5+ 52. Kd3 Bh4 53. Be8 Kf4 54. Bb5 Bf2 55. Ke2 Bd4 56. Kf1 Kg5 57. Be8 c4
58. Ke2 Kf4 59. Bd7 Bf6 60. Bb5 c3 61. Bd3 Kg4 0-1

[Event "Presidents Cup "]
[Site "Elista"]
[Date "1998.05.09"]
[Round "1.5"]
[White "Tiviakov, Sergei"]
[Black "Galliamova, Alisa"]
[Result "1-0"]
[WhiteElo "2640"]
[BlackElo "2505"]
[Annotator "Mueller,Karsten"]
[PlyCount "117"]
[EventDate "1998.05.07"]
[EventType "k.o."]
[EventRounds "6"]
[EventCountry "RUS"]
[SourceTitle "CBM 065"]
[Source "ChessBase"]
[SourceDate "1998.08.06"]
[SourceVersion "1"]
[SourceVersionDate "1998.08.06"]
[SourceQuality "1"]

1. e4 d5 2. exd5 Qxd5 3. Nc3 Qd8 4. d4 g6 5. Nf3 Bg7 6. Bc4 Nh6 7. Bxh6 $6 {
setzt unter Aufgabe des Läuferpaares auf schnellstmögliche Entwicklung. Da die
schwarze Stellung jedoch nur wenige Schwächen aufweist, gefallen mir die
anderen Optionen besser, z.B.} (7. Ne4 Nf5 8. c3 O-O (8... Nd6 9. Bd3 O-O 10.
O-O $14) 9. O-O Nd7 10. Bf4 Nd6 11. Bd3 $14 {Kaminski,M-Kiedrowicz,J/POL-ch
Bielsko-Biala 1991/EXT 91ch/1-0 (54)}) (7. Bg5 Nf5 8. O-O O-O 9. Re1 h6 10. Bf4
c6 11. Be5 $14 {1-0 Arakhamia,K-Petrovic,M/Tuzla iztW 1987/EXT 87 (40)}) (7.
Bf4 Nf5 8. Nd5 Nd6 9. Bb3 c6 10. Ne3 Nd7 11. O-O Nf6 12. Qe2 O-O 13. Rad1 $14 {
Tischbierek,R-Zoltek,T/Rostock 1982/MCL 06/[Ftacnik]/1-0 (46)}) (7. h3 Nf5 8.
Ne2 Nc6 9. c3 Nd6 10. Bb3 Na5 11. Bc2 Bf5 12. Ng3 Bxc2 13. Qxc2 Nc6 14. O-O O-O
15. Re1 $14 {Ciocaltea,V-Macskasy,E/Lugano olm 1968/MCD-ol/1-0 (55)}) 7... Bxh6
8. Ne5 O-O 9. O-O (9. h4 $5) 9... Nd7 10. Qe2 Nb6 11. Rad1 Nxc4 12. Qxc4 Bf5
13. Qb3 Rb8 14. Rfe1 Qd6 $6 (14... Bg7 $5) 15. Ne4 $1 (15. Nb5 Qd8 (15... Qb6
16. Nc4 Bxc2 (16... Qf6 $2 17. Nxc7 Rfd8 18. Ne5 $16) 17. Qxc2 Qxb5 18. Rxe7
Rbc8 $11) 16. Nxa7 c6 $13) 15... Bxe4 $6 (15... Qb6 $142) 16. Rxe4 Bg7 17. c3
e6 18. Rde1 b6 19. Qc4 c5 20. dxc5 bxc5 21. Nd3 Qd5 22. b3 $6 (22. Qxd5 exd5
23. R4e2 Rfc8 24. Nf4 $14) 22... Rfd8 23. Nxc5 Qxc4 $6 (23... Qd2 $1 24. R4e2 (
24. R4e3 Qxa2 $15) 24... Qxc3 $15) 24. Rxc4 Rd2 25. Ra4 Rc2 (25... Bxc3 $2 26.
Ne4 Rc2 27. Nxc3 Rxc3 28. Rxa7 $16) 26. Ne4 f5 27. Ng5 Bxc3 28. Rf1 Rd8 29.
Nxe6 (29. Rxa7 $6 e5 $44) 29... Rdd2 (29... Rd7 30. Rc4 $14 {/+/-}) 30. Rxa7
Re2 $2 (30... Rxa2 $142) 31. Ra8+ Kf7 32. Ng5+ Kf6 33. h4 (33. Nxh7+ $5 Ke7 34.
h3 Rxa2 $16) 33... Bd4 34. Ra6+ Ke7 35. Nh3 (35. Nxh7 $2 Bxf2+ 36. Kh2 Re4 {
ist nicht im Sinne von Weiß.}) 35... Rxa2 36. Rxa2 Rxa2 37. Rd1 Bb6 38. g3 h6
$6 (38... Rb2 $142) 39. Rd5 $5 Rb2 (39... Bc7 40. h5 Ke6 41. Rc5 Kd6 (41... Bd6
$6 42. Rc8 gxh5 43. Rh8 $16) 42. b4 $14 {/+/-}) 40. Rb5 Bd4 41. h5 $5 gxh5 $2 (
41... g5 $1 42. Rxf5 Rxb3 43. Kh2 (43. Kg2 g4 44. Nf4 (44. Ng1 Rb2) 44... Rb2
45. Nd3 Rd2 $14) 43... Rb2 $14) 42. Rxf5 $16 Rxb3 43. Kg2 h4 44. gxh4 Bf6 45.
Nf4 Bd4 (45... Bxh4 $2 46. Ng6+ Ke6 47. Nxh4 Rb4 48. Rh5 $18) 46. f3 Rb2+ 47.
Kh3 Ra2 48. Kg4 Bf2 49. Kh5 Ra4 50. Ng6+ Ke6 51. Rf8 $18 Rb4 52. f4 Ra4 53.
Kxh6 Bc5 54. f5+ Kd5 55. Rd8+ Ke4 56. f6 Ra7 57. Re8+ Kd5 58. Ne7+ Bxe7 (58...
Ke6 59. Nc6+ Kf7 60. Nxa7 Kxe8 61. Kg7 $18) 59. Rxe7 1-0

[Event "Escaldes zt"]
[Site "Escaldes"]
[Date "1998.11.09"]
[Round "4"]
[White "Galego, Luis"]
[Black "Brady, Stephen"]
[Result "1-0"]
[WhiteElo "2425"]
[BlackElo "2315"]
[Annotator "Mueller,Karsten"]
[PlyCount "81"]
[EventDate "1998.11.06"]
[EventType "swiss"]
[EventRounds "9"]
[EventCountry "AND"]
[SourceTitle "CBM 068"]
[Source "ChessBase"]
[SourceDate "1999.02.01"]
[SourceVersion "1"]
[SourceVersionDate "1999.02.01"]
[SourceQuality "1"]

1. e4 d5 2. exd5 Qxd5 3. Nc3 Qa5 4. Bc4 Nf6 5. h3 Bf5 6. d3 c6 7. Nge2 e6 8.
Bd2 Qc7 9. O-O Nbd7 (9... Bc5 10. Bf4 (10. Be3 $5) 10... Bd6 11. Bxd6 Qxd6 12.
Ng3 Bg6 $11) 10. Nd4 Bg6 11. Bxe6 $5 fxe6 (11... O-O-O $2 {überläßt Weiß
einfach einen Mehrbauern.}) 12. Nxe6 Qd6 (12... Qb8 13. Qe2 Bd6 (13... Kf7 $4
14. Ng5+ Kg8 15. Qe6+ Bf7 16. Qxf7#) 14. Nxg7+ (14. Nc7+ Kd8 15. Nxa8 Re8 $132)
14... Kf7 15. Bh6 $44) 13. Bf4 Qxe6 14. Re1 Qxe1+ (14... Ne4 15. Nxe4 Kd8 16.
Nc5 Qf5 (16... Nxc5 17. Rxe6 Nxe6 18. Qg4 $14) 17. Nxb7+ Kc8 18. Nd6+ Bxd6 19.
Bxd6 $44) 15. Qxe1+ {[%mdl 1024] durch die sehr unausgeglichene
Materialverteilung entsteht ein schwierig zu beurteilendes Mittelspiel.} Kf7
16. Ne4 Nxe4 (16... Re8 17. Ng5+ Kg8 18. Qa5 Nd5 $13) 17. dxe4 Be7 18. f3 Rhd8
19. Qc3 Nb6 20. a4 Bf6 21. Qb3+ Kf8 22. Be3 Bf7 23. Qb4+ Kg8 24. Bf2 Rd7 25.
Re1 Rad8 26. b3 Rd2 $6 {zu aktiv. Prophylaktische Maßnahmen gegen den
Vormarsch des weißen e-Bauern waren von Nöten, z.B.} (26... Be7 27. Qa5 Nc8 $13
) 27. e5 $1 Bg5 28. h4 $6 (28. e6 $142 $5) 28... Bh6 $2 {danach geraten die
schwarzen Figuren in sehr unglückliche Positionen.} (28... Rxf2 $1 {hätte die
Gunst der Stunde genutzt:} 29. e6 (29. Kxf2 Bd2 $11 {/~~}) 29... Rdd2 (29...
Bg6 $2 30. Kxf2 Bd2 31. Rd1 $18) 30. exf7+ Kxf7 31. hxg5 Rxg2+ $11) 29. e6 Be8
30. a5 Nd5 31. Qxb7 Bf4 $6 (31... Rxc2 32. Qxa7 Bf4 $14 {/+/-}) 32. c4 $18 Nc7
33. Qxa7 Rd1 34. g3 Rxe1+ 35. Bxe1 Be5 36. Bf2 Nxe6 37. a6 Nd4 38. Kg2 Nxb3 $2
39. Qe3 Bd4 40. Qxb3 Bxf2 41. Kxf2 1-0

[Event "Elgoibar 08th"]
[Site "Elgoibar"]
[Date "1998.11.26"]
[Round "6"]
[White "Korneev, Oleg"]
[Black "Fernandes, Antonio ETG"]
[Result "1-0"]
[WhiteElo "2600"]
[BlackElo "2480"]
[Annotator "Mueller,Karsten"]
[PlyCount "38"]
[EventDate "1998.11.11"]
[EventType "tourn"]
[EventRounds "9"]
[EventCountry "ESP"]
[EventCategory "10"]
[SourceTitle "CBM 069"]
[Source "ChessBase"]
[SourceDate "1999.04.01"]
[SourceVersion "1"]
[SourceVersionDate "1999.04.01"]
[SourceQuality "1"]

1. e4 d5 2. exd5 Nf6 3. d4 Bg4 4. Nf3 Qxd5 5. Be2 Nc6 6. Be3 O-O-O 7. Nbd2 Qh5
$6 (7... e5 $2 8. c4 Qa5 9. d5 Bxf3 10. Bxf3 $16 {(Wahls) 1-0 Bruzon,L-Ribeiro,
F/Cienfuegos 1997/EXT 97 (23)}) (7... Qf5 $5 {ist eine Empfehlung von Matthias
Wahls aus "Modernes Skandinavisch" (S.66). Er gibt zum Beispiel} 8. O-O e5 9.
Nxe5 Nxe5 10. dxe5 Bxe2 11. Qxe2 Qxe5 12. Nc4 Qe6 13. Rfe1 Nd5 14. Bd2 Qxe2 15.
Rxe2 Bc5 $11 {weiter an.}) 8. h3 (8. c4 e5 9. d5 Ne7 10. Bxa7 $16 {(Wahls)})
8... e5 $6 9. O-O {"Es gibt nun eine Handvoll Möglichkeiten auf
unbefriedigende Weise eine Figur zu opfern." (Wahls) Die vorliegende Partie
bestätigt diese Einschätzung:} Kb8 (9... Bd6 10. hxg4 Nxg4 11. Ne4 Nxd4 12.
Bxd4 exd4 13. Nxd6+ Rxd6 14. Nh4 f5 15. Bxg4 fxg4 16. g3 g5 17. Nf5 $18 {
1-0 Agter,F-Meijer,D/Hengelo 1997/EXT 97 (48)}) 10. Re1 $5 (10. hxg4 Nxg4 11.
Ne4 {kam natürlich auch hier in Betracht.}) 10... Bd6 (10... Bxf3 11. Bxf3 Qf5
(11... Qg6 12. Bxc6 bxc6 (12... exd4 $2 13. Nf3 bxc6 14. Ne5 $18) 13. Nf3 $16)
12. Bxc6 bxc6 13. Nf3 $16) 11. d5 Ne7 (11... Nxd5 12. hxg4 Qxg4 $6 13. Nxe5 $1
$18) 12. c4 Nf5 13. hxg4 {nun muß Weiß den Läufer nehmen, sonst kommt Lxf3.}
Nxg4 14. Ne4 Nfxe3 15. fxe3 Qh6 (15... Bb4 16. Qb3 Bxe1 17. Rxe1 $16) 16. Bd3
f5 $6 17. Nxd6 $18 Rxd6 18. Bxf5 Nxe3 19. Qd3 Nxf5 1-0

[Event "Pamplona 9798 8th"]
[Site "Pamplona"]
[Date "1997.12.30"]
[Round "3"]
[White "Magem Badals, Jordi"]
[Black "Arizmendi Martinez, Julen Luis"]
[Result "1/2-1/2"]
[WhiteElo "2550"]
[BlackElo "2470"]
[Annotator "Mueller,Karsten"]
[PlyCount "40"]
[EventDate "1997.12.28"]
[EventType "tourn"]
[EventRounds "9"]
[EventCountry "ESP"]
[EventCategory "13"]
[SourceTitle "CBM 063"]
[Source "ChessBase"]
[SourceDate "1998.03.26"]
[SourceVersion "1"]
[SourceVersionDate "1998.03.26"]
[SourceQuality "1"]

1. e4 d5 2. exd5 Nf6 3. d4 Bg4 4. Nf3 Qxd5 5. Be2 Nc6 6. h3 Bxf3 7. Bxf3 Qd6 (
7... Qd7 8. c3 e5 9. O-O O-O-O (9... exd4 $6 10. Re1+ Be7 11. cxd4 Nxd4 12.
Bxb7 Rb8 13. Ba6 O-O 14. Nc3 $14 {1-0 Fernandes,A-Damaso,R/POR-ch plof 1992/
EXT 92ch (60)}) 10. Bg5 exd4 11. Qa4 $2 Ne5 $1 $17 {Fernandez,E-Vandevoort,P/
EUchJ Arnhem 1987/EXT 87ch/0-1 (54)}) (7... Qxd4 $4 8. Bxc6+ $18) 8. c3 O-O-O
9. O-O e5 10. Qb3 (10. dxe5 $6 Nxe5 11. Bf4 Qxd1 12. Bxd1 Nd3 $15 {1-0
Nemirovski,S-Chaplin,E/Paris-ch 1992/EXT 92ch (27)}) 10... exd4 11. cxd4 Qe6
12. Be3 $6 {danach hat Weiß keinerlei Vorteil, er hätte meines Erachtens} (12.
Qxe6+ fxe6 13. Bxc6 bxc6 14. Be3 $14 {[%csl Ya7,Yc6,Yc7,Ye6][%cal Gc1c6]
versuchen sollen.}) 12... Qxb3 13. axb3 Nxd4 14. Bxd4 Rxd4 15. Rxa7 c6 16. Ra8+
Kc7 17. Nc3 Rd8 18. Rxd8 Kxd8 19. Ra1 Kc7 20. Ra8 Rg8 1/2-1/2